| 000 | 01181nam0a2200325 4500 | ||
|---|---|---|---|
| 001 | RU\NLR\bibl\288482 | ||
| 005 | 20250620141555.0 | ||
| 021 |
_aRU _b2002-12468 _9620 |
||
| 035 | _a(NLR Aleph) 000283898 | ||
| 090 |
_a1661698 _c1661698 |
||
| 100 | _a20020711d2001 |||y0rusy50 ca | ||
| 101 | 0 |
_arus _aeng |
|
| 102 | _aRU | ||
| 105 | _ay ||||||||| | ||
| 200 | 1 |
_aАнглийский язык _eУчеб. пособие _fС. С. Юлаева _gМ-во образования Рос. Федерации, Самар. гос. ун-т, Гуманитар. отд-ние г. Сызрань |
|
| 210 |
_aСамара _cСамар. ун-т _d2001 |
||
| 215 |
_a87,[1] с. _d21 |
||
| 606 | 0 |
_aАнглийский язык _jУчебные издания _9972309 _3RU\NLR\auth\6646032 |
|
| 610 | 0 | _aАнглийский язык - Грамматика | |
| 675 |
_a811.111(075.8) _v3 _zrus |
||
| 686 |
_a81.2Англ-923 _2rubbk |
||
| 686 | _aШ143.21-93рус329.2 | ||
| 700 | 1 |
_aЮлаева _bС. С. _4070 |
|
| 801 | 0 |
_aRU _bRKP _c20020711 _gPSBO |
|
| 801 | 1 |
_aRU _bRKP _c20020711 |
|
| 801 | 2 |
_aRU _bNLR _c20051020 _grcr |
|
| 942 | _cBOOK | ||
| 980 | _aNB | ||
| 980 | _aNBR | ||